[Event "Challenge"]
[Site "http://www.queenalice.com/game.php?id=619495"]
[Date "2009.7.15"]
[Round "-"]
[White "faelgalodoido"]
[Black "pepifontana"]
[Result "0-1"]
[WhiteElo "1420"]
[BlackElo "1327"]

1. e4 e5 2. Bc4 Nf6 3. d3 Bc5 4. Bg5 O-O 5. Qf3 Nc6 6. a3 Nd4 7. Qg3 Nxc2+ 8.
Kf1 Nxa1 9. Qxe5 d6 10. Qg3 a6 11. Nf3 Bd7 12. e5 dxe5 13. Nxe5 Re8 14. d4 Bxd4
15. Bxf6 Qxf6 16. Nxd7 Qc6 17. Bd3 Qxd7 18. Qh4 h6 19. g3 Bxb2 20. Kg2 Qxd3 21.
Qg4 Qe4+ 22. Qxe4 Rxe4 23. Nd2 Re2 24. Nc4 Bd4 25. Kf3 Rxf2+ 26. Ke4 Rd8 27.
Rxa1 Bxa1 28. Ke3 Bd4+ 29. Kd3 Bc5+ 0-1

[Event "Challenge"]
[Site "http://www.queenalice.com/game.php?id=619754"]
[Date "2009.7.16"]
[Round "-"]
[White "pepifontana"]
[Black "diihard"]
[Result "0-1"]
[WhiteElo "1369"]
[BlackElo "1630"]

1. e4 e6 2. Nc3 d5 3. exd5 exd5 4. Bd3 Nf6 5. Nf3 Bd6 6. Bb5+ c6 7. Ba4 O-O 8.
O-O Bg4 9. d3 b5 10. Bb3 a5 11. Bg5 Nbd7 12. h3 Bh5 13. Qe2 Re8 14. Qd2 Bxf3 15.
gxf3 Qc7 16. a4 b4 17. Ne2 Ne5 18. Qe3 Ng6 19. Qd2 Qd7 20. Bxf6 Qxh3 21. Ng3
gxf6 22. c4 Nh4 23. Qg5+ fxg5 24. Rfe1 Qg2# 0-1

[Event "Challenge"]
[Site "http://www.queenalice.com/game.php?id=621099"]
[Date "2009.7.18"]
[Round "-"]
[White "Andrei_78"]
[Black "pepifontana"]
[Result "1-0"]
[WhiteElo "1528"]
[BlackElo "1387"]

1. e4 e5 2. f4 Nc6 3. Nf3 Nf6 4. Bd3 Bc5 5. fxe5 Ng4 6. Qe2 d6 7. h3 Ngxe5 8.
Bb5 O-O 9. c3 Nxf3+ 10. Qxf3 Ne5 11. Qg3 Qf6 12. d4 a6 13. Rf1 Qg6 14. Qxg6 Nxg6
15. Bd3 Bb6 16. Be3 Nh4 17. g4 Ng2+ 18. Kf2 Nxe3 19. Kxe3 c5 20. Nd2 Bd8 21.
dxc5 Bg5+ 22. Ke2 dxc5 23. Nf3 h6 24. Ne5 Bf4 25. Rxf4 f6 26. Ng6 Re8 27. b3 b5
28. Kf3 Be6 29. Rd1 c4 30. Bc2 Kf7 31. e5 cxb3 32. Nh4 bxc2 33. Rc1 Ke7 34. Rxc2
g5 35. Rxf6 gxh4 36. Rxh6 Rf8+ 37. Ke4 Rad8 38. Rxh4 Bd5+ 39. Ke3 Bc4 40. Rh7+
Rf7 41. Rh6 Rd3+ 42. Ke4 Rd1 43. Rxa6 Bd5+ 44. Ke3 Kf8 45. Rd2 Re1+ 46. Kd3 Rxe5
47. Kd4 1-0

[Event "Challenge"]
[Site "http://www.queenalice.com/game.php?id=623381"]
[Date "2009.7.23"]
[Round "-"]
[White "chyco"]
[Black "pepifontana"]
[Result "0-1"]
[WhiteElo "1475"]
[BlackElo "1358"]

1. e4 e5 2. Nf3 Nc6 3. d3 Nf6 4. c3 d6 5. Qb3 Be7 6. Ng5 O-O 7. Be2 Bg4 8. Qxb7
Qd7 9. h3 Bxe2 10. Kxe2 h6 11. Nf3 Rfb8 12. Qa6 Nh5 13. Qc4 Na5 14. Qd5 Qb5 15.
Qxb5 Rxb5 16. c4 Rbb8 17. Nc3 Nf4+ 18. Bxf4 exf4 19. Nd5 Rxb2+ 20. Nd2 Bg5 21.
Rhb1 f3+ 22. gxf3 Rxd2+ 23. Kf1 Rxd3 24. Nxc7 Rc8 25. Nb5 Nxc4 26. Nxa7 Ra8 27.
Rb7 Nd2+ 28. Ke2 Rxf3 29. Rd1 Ra3 30. Nc6 Rxa2 31. Rd7 Nxe4+ 32. Kf1 Rxf2+ 33.
Kg1 Be3 34. Ne7+ Kh7 35. Nd5 Rf3+ 36. Kg2 Rg3+ 37. Kf1 Rxh3 38. Kg2 Rg3+ 0-1

[Event "AUTO-OPEN-1637"]
[Site "http://www.queenalice.com/game.php?id=626579"]
[Date "2009.7.29"]
[Round "1"]
[White "pepifontana"]
[Black "szachista92"]
[Result "0-1"]
[WhiteElo "1402"]
[BlackElo "2170"]

1. e4 c5 2. Nf3 d6 3. Nc3 Nc6 4. Bb5 g6 5. O-O Bg7 6. Bxc6+ bxc6 7. d3 Nf6 8.
Bf4 Bb7 9. Bg5 h6 10. Bxf6 Bxf6 11. Qd2 e5 12. Na4 Bg5 13. Qc3 O-O 14. h3 f5 15.
Rae1 a5 16. Qc4+ Kh8 17. Qe6 Rf6 18. Qc4 Ba6 19. Qb3 Rf8 20. Nxg5 hxg5 21. exf5
gxf5 22. Qb6 Qxb6 23. Nxb6 Ra7 24. g4 Rb7 25. Nc4 Bxc4 26. dxc4 Rxb2 27. Rd1 Rf6
28. gxf5 Rxc2 29. Rb1 Rxc4 30. Rb6 d5 31. Rb8+ Kg7 32. Re8 Rxf5 33. Rc8 Rf6 34.
f3 Rc3 35. Rc7+ Kg6 36. Re1 Re6 37. f4 gxf4 38. Re2 e4 39. Rg2+ Rg3 40. Rxg3+
fxg3 41. Ra7 e3 42. Rxa5 e2 43. Rxc5 e1=Q+ 44. Kg2 Qf2+ 45. Kh1 Qh2# 0-1

[Event "AUTO-OPEN-1637"]
[Site "http://www.queenalice.com/game.php?id=626580"]
[Date "2009.7.29"]
[Round "1"]
[White "szachista92"]
[Black "pepifontana"]
[Result "1-0"]
[WhiteElo "2146"]
[BlackElo "1371"]

1. e4 e5 2. Nf3 Nc6 3. Bb5 Nf6 4. O-O Bc5 5. c3 Nxe4 6. d4 exd4 7. cxd4 Bb4 8.
d5 Na5 9. Qd4 Qe7 10. Nbd2 Bxd2 11. Bxd2 b6 12. Rae1 c5 13. Qxg7 Rf8 14. Bg5 Qd6
15. Rxe4+ 1-0

[Event "AUTO-OPEN-1637"]
[Site "http://www.queenalice.com/game.php?id=626581"]
[Date "2009.7.29"]
[Round "1"]
[White "pepifontana"]
[Black "ruylopesdesegura"]
[Result "0-1"]
[WhiteElo "1404"]
[BlackElo "1799"]

1. e4 e5 2. Nf3 Nc6 3. Bc4 Be7 4. d3 d6 5. Nc3 Be6 6. Bb5 Nf6 7. Bxc6+ bxc6 8.
O-O O-O 9. Bg5 Bg4 10. h3 Bxf3 11. Qxf3 h6 12. Bxf6 Bxf6 13. Rad1 Qd7 14. Nd5
cxd5 15. exd5 Rab8 16. b3 Be7 17. Rb1 f5 18. Qe3 f4 19. Qxa7 f3 20. gxf3 Qxh3
21. Qxc7 Rxf3 22. Qxb8+ Kh7 23. Qc8 Qxc8 24. Kg2 Qg4+ 25. Kh1 Rh3# 0-1

[Event "AUTO-OPEN-1637"]
[Site "http://www.queenalice.com/game.php?id=626582"]
[Date "2009.7.29"]
[Round "1"]
[White "ruylopesdesegura"]
[Black "pepifontana"]
[Result "1-0"]
[WhiteElo "1815"]
[BlackElo "1394"]

1. e4 e5 2. Nf3 Nc6 3. Bc4 Bc5 4. d3 Nf6 5. Nc3 Ng4 6. O-O O-O 7. Be3 Bxe3 8. h3
Bxf2+ 9. Rxf2 Nxf2 10. Kxf2 Qf6 11. Nd5 Nd4 12. Nxf6+ gxf6 13. Nxd4 exd4 14.
Qg4+ Kh8 15. Qh5 d6 16. Bxf7 Kg7 17. Bb3 Kh8 18. Ke2 Bd7 19. Rf1 Be8 20. Qd5 Bf7
21. Qxb7 Bh5+ 22. g4 Bf7 23. Rxf6 Rab8 24. Qxc7 Bxb3 25. Rxf8+ Rxf8 26. Qxd6 Rc8
27. Qxd4+ Kg8 28. cxb3 Rc2+ 29. Ke3 Rh2 30. Qd5+ Kg7 31. Qe5+ 1-0

[Event "AUTO-OPEN-1637"]
[Site "http://www.queenalice.com/game.php?id=626583"]
[Date "2009.7.29"]
[Round "1"]
[White "pepifontana"]
[Black "mg23campos"]
[Result "0-1"]
[WhiteElo "1371"]
[BlackElo "1826"]

1. e4 e5 2. Nf3 Nc6 3. Nc3 Nf6 4. Bc4 h6 5. d3 Bc5 6. O-O g5 7. h3 g4 8. Nd5
gxf3 9. Qxf3 Nxd5 10. Bxd5 Qe7 11. Bxc6 dxc6 12. a3 Rg8 13. Bxh6 Qh4 14. b4 Bxh3
15. bxc5 Rxg2+ 16. Kh1 Bg4+ 17. Kxg2 Bxf3+ 18. Kxf3 Qxh6 19. Rg1 O-O-O 20. c3
Qf4+ 21. Ke2 f5 22. exf5 Qxf5 23. Rad1 Rf8 24. d4 Qxf2+ 25. Kd3 Rf3+ 26. Kc4
Qe2+ 27. Kb3 Qb5+ 28. Kc2 Rf2+ 29. Rd2 Qa4+ 30. Kd3 e4+ 31. Kxe4 Rxd2 32. Rg8+
Kd7 33. Rg7+ Ke6 34. Rg6+ Kf7 35. Ke5 Kxg6 0-1

[Event "AUTO-OPEN-1637"]
[Site "http://www.queenalice.com/game.php?id=626584"]
[Date "2009.7.29"]
[Round "1"]
[White "mg23campos"]
[Black "pepifontana"]
[Result "1-0"]
[WhiteElo "1850"]
[BlackElo "1381"]

1. e4 e5 2. Nf3 Nc6 3. Bc4 Bc5 4. d3 Nf6 5. Ng5 O-O 6. h3 h6 7. Nf3 a6 8. a4 Nd4
9. Nc3 Bb4 10. Nxe5 d6 11. Ng4 Nxg4 12. hxg4 Bxg4 13. Qxg4 Nxc2+ 14. Kd1 Nxa1
15. Bxh6 Qf6 16. Nd5 Qg6 17. Ne7+ Kh7 18. Nxg6 fxg6 19. Bd2# 1-0

[Event "Challenge"]
[Site "http://www.queenalice.com/game.php?id=637583"]
[Date "2009.8.16"]
[Round "-"]
[White "chyco"]
[Black "pepifontana"]
[Result "0-1"]
[WhiteElo "1558"]
[BlackElo "1371"]

1. e4 e5 2. Qf3 Nf6 3. Bc4 Bc5 4. Qg3 O-O 5. d3 Nc6 6. Bh6 Nh5 7. Qg4 Qf6 8. Nf3
Qg6 9. Qxg6 hxg6 10. Be3 Bxe3 11. fxe3 Nb4 12. Bb3 d6 13. a3 Nc6 14. Nc3 Bg4 15.
Nd2 a6 16. Nd5 Rae8 17. Nxc7 Rc8 18. Nd5 Be6 19. Nb6 Rc7 20. Bxe6 fxe6 21. O-O-O
Nf6 22. Rhf1 Ng4 23. Rxf8+ Kxf8 24. Rf1+ Kg8 25. Nf3 Nxe3 26. Rf2 Rf7 27. Kd2
Ng4 28. Re2 Nd4 29. Nxd4 exd4 30. h3 Ne5 31. Nc8 d5 32. exd5 exd5 33. Rxe5 Rf2+
34. Kc1 Rf1+ 35. Kd2 Rf2+ 36. Kd1 Rf1+ 37. Ke2 Rg1 38. Re8+ Kh7 39. Kf2 Rc1 40.
g4 Rxc2+ 41. Kf3 Rxb2 42. g5 Rb3 43. Ne7 Rxd3+ 44. Kg4 Re3 45. a4 d3 46. Kf4 Re1
47. Rd8 Rxe7 48. Rxd5 Rf7+ 49. Kg4 b5 50. a5 b4 51. Rxd3 Rf5 52. Rb3 Rxa5 53.
Rxb4 Rb5 54. Ra4 a5 55. h4 Kg8 56. Rf4 Rb4 57. Kf3 Rxf4+ 58. Kxf4 a4 59. Kg4 a3
60. h5 gxh5+ 61. Kxh5 a2 62. g6 a1=Q 63. Kg5 Kf8 64. Kf5 Qf6+ 65. Kg4 Qxg6+ 66.
Kf4 Ke7 67. Ke5 Qe6+ 68. Kf4 Kf6 69. Kg3 Qf5 70. Kh4 Qg5+ 71. Kh3 Kf5 72. Kh2
Qg4 73. Kh1 Kf4 74. Kh2 Kf3 75. Kh1 Qg2# 0-1

[Event "Challenge"]
[Site "http://www.queenalice.com/game.php?id=639961"]
[Date "2009.8.21"]
[Round "-"]
[White "ppaazziinnii"]
[Black "pepifontana"]
[Result "1-0"]
[WhiteElo "1693"]
[BlackElo "1375"]

1. e4 e5 2. Nf3 Nc6 3. Bb5 Nf6 4. Nc3 Bc5 5. d3 Ng4 6. O-O O-O 7. h3 Nf6 8. Bg5
Nd4 9. Bc4 d6 10. Nxd4 Bxd4 11. Nd5 Be6 12. Nxf6+ gxf6 13. Bh6 Re8 14. Bxe6 fxe6
15. Qg4+ 1-0

[Event "Challenge"]
[Site "http://www.queenalice.com/game.php?id=639962"]
[Date "2009.8.21"]
[Round "-"]
[White "pepifontana"]
[Black "ppaazziinnii"]
[Result "0-1"]
[WhiteElo "1394"]
[BlackElo "1722"]

1. e4 c5 2. Nf3 d6 3. Bb5+ Nc6 4. Bxc6+ bxc6 5. Nc3 g6 6. d3 Bg7 7. O-O Bg4 8.
Bg5 Nf6 9. h3 Be6 10. Bxf6 Bxf6 11. Qd2 O-O 12. Qh6 Rb8 13. b3 Bxc3 14. Ng5 Re8
15. Qxh7+ Kf8 16. Qh6+ Bg7 17. Nxe6+ fxe6 18. Qxg6 Qa5 19. Rae1 Qxa2 20. e5 Qxc2
21. exd6 exd6 22. Rxe6 Rxe6 23. Qxe6 Qxd3 24. Re1 Be5 25. Qh6+ Ke7 26. Qg5+ Ke6
27. Qh6+ Kd5 28. g3 Rxb3 29. Qe3 Qxe3 30. fxe3 Bxg3 31. Rd1+ Ke5 32. Kg2 Rxe3
33. Ra1 Kf4 34. Ra4+ Kf5 35. Rxa7 c4 36. Rd7 c3 37. Rf7+ Ke4 38. Rc7 c5 39. Re7+
Be5 40. h4 c2 41. Ra7 c1=Q 42. Ra4+ c4 43. h5 Qd2+ 0-1

[Event "AUTO-OPEN-1762"]
[Site "http://www.queenalice.com/game.php?id=682584"]
[Date "2009.11.13"]
[Round "1"]
[White "windlazy"]
[Black "pepifontana"]
[Result "1-0"]
[WhiteElo "1769"]
[BlackElo "1400"]

1. d4 Nc6 2. d5 Nb4 3. e4 e6 4. c3 Na6 5. Bxa6 bxa6 6. Nf3 Nf6 7. Bg5 h6 8. Bxf6
Qxf6 9. O-O Bc5 10. e5 Qf5 11. Re1 d6 12. dxe6 Bxe6 13. exd6 cxd6 14. b4 Bb6 15.
Qxd6 Qc2 16. Rxe6+ fxe6 17. Qxe6+ Kf8 18. Qd6+ Kg8 19. Qd2 Qe4 20. Na3 Kh7 21.
Re1 Qc6 22. Ne5 Qf6 23. Qd3+ Kg8 24. Qd5+ Kh7 25. Qe4+ g6 26. Ng4 Qxc3 27. Qb7+
Qc7 28. Re7+ Qxe7 29. Qxe7+ Kg8 30. Nf6# 1-0

[Event "AUTO-OPEN-1762"]
[Site "http://www.queenalice.com/game.php?id=682585"]
[Date "2009.11.13"]
[Round "1"]
[White "pepifontana"]
[Black "windlazy"]
[Result "0-1"]
[WhiteElo "1398"]
[BlackElo "1789"]

1. e4 c5 2. Nf3 Nc6 3. Bb5 Nd4 4. Nxd4 cxd4 5. O-O e5 6. d3 Nf6 7. Bg5 Qb6 8.
Bxf6 Qxb5 9. Bh4 Qxb2 10. Nd2 Qb6 11. Nc4 Qc5 12. Qg4 d5 13. Nxe5 Bxg4 14. Nxg4
dxe4 15. dxe4 Qxc2 16. Rac1 Qxa2 17. Rcd1 Bc5 18. h3 O-O 19. Rc1 b6 20. Ne5 Rfe8
21. Ra1 Qe6 22. Nd3 Qxe4 23. Nxc5 bxc5 24. Rae1 Qxe1 25. Rxe1 Rxe1+ 26. Kh2 f6
27. Kg3 d3 28. Kg4 d2 29. f3 Re5 30. Kf4 d1=Q 31. Bf2 Qf1 32. Bxc5 Qxg2 33. Bd4
Qg5# 0-1

[Event "AUTO-OPEN-1762"]
[Site "http://www.queenalice.com/game.php?id=682614"]
[Date "2009.11.13"]
[Round "1"]
[White "pepifontana"]
[Black "gedanix"]
[Result "0-1"]
[WhiteElo "1396"]
[BlackElo "2129"]

1. e4 e6 2. Nf3 d5 3. Bb5+ Bd7 4. Bxd7+ Qxd7 5. d3 Bc5 6. Ne5 Qd6 7. Bf4 Bd4 8.
Qh5 g6 9. Nxg6 hxg6 10. Qxh8 Bxh8 11. Bxd6 Bxb2 12. Bxc7 Bxa1 13. Na3 dxe4 14.
O-O Bd4 15. Nb5 Nc6 16. dxe4 a6 17. Nxd4 Nxd4 18. Rd1 Ne2+ 19. Kf1 Nc3 20. Rd3
Nxe4 21. Rh3 Rc8 22. Be5 Rxc2 23. Rh8 Kf8 24. f3 Nd2+ 25. Ke1 Nc4 26. Rh4 Nxe5
27. Rb4 Nd3+ 28. Kd1 Nxb4 29. a3 Rxg2 30. axb4 Rxh2 31. Ke1 Rb2 32. Kd1 Rxb4 33.
Ke2 a5 34. Kd3 b5 35. Kc3 Ne7 36. f4 Nd5+ 0-1

[Event "AUTO-OPEN-1762"]
[Site "http://www.queenalice.com/game.php?id=682615"]
[Date "2009.11.13"]
[Round "1"]
[White "gedanix"]
[Black "pepifontana"]
[Result "1-0"]
[WhiteElo "1988"]
[BlackElo "1406"]

1. e4 e5 2. Nf3 Nc6 3. d4 Nf6 4. Nc3 Bb4 5. Nxe5 Nxe4 6. Qf3 Bxc3+ 7. bxc3 Nf6
8. Be2 O-O 9. Bg5 d6 10. Nxc6 Qd7 11. Bxf6 gxf6 12. Nb4 Qa4 13. Nd5 Qxc2 14. Bd3
Qb2 15. Ne7+ Kg7 16. Qg3+ Kh8 17. Qh4 Kg7 18. Qxh7# 1-0